(Un)happily Ever After Quiz Stats

Quiz Updated Nov 22, 2015

Challenge
Share
Tweet
Embed
Score 0/10 Timer 03:00
6 Plays Today
Darker Ending Fairy Tale % Correct
The title character is eaten by the same wolf that has already eaten her grandmother.Little Red Riding Hood
98.9%
Birds peck out the eyes of the title character's stepsisters.Cinderella
90.9%
The two children escape the witch and return home to find that their stepmother, who had sent them away, has died.Hansel and Gretel
85.7%
The title character refuses to kill the man she loves, jumps into the ocean, and turns into sea foam.The Little Mermaid
84.1%
The title character rips himself in half after the queen correctly guesses his name.Rumpelstiltskin
66.5%
After not receiving his payment, the title character leads the town's children into a cave, which is closed off by a landslide.The Pied Piper of Hamelin
62.9%
The Evil Queen is forced to wear hot iron shoes and dance until she dies.Snow White
61.3%
The prince is blinded by thorns, though he eventually reunites with the title character, whose tears restore his sight.Rapunzel
41.1%
One title character's sisters trick her into prolonging a visit home, hoping that it will enrage the other title character so much that he eats her.Beauty and the Beast
37.9%
The act that breaks the spell on the title character is not a kiss, but a hard throw against the wall.The Frog Prince
12.8%

You're not logged in!

Compare scores with friends on all Sporcle quizzes.
Sign Up with Email
OR
Log In

You Might Also Like...

Show Comments

Extras

Top Quizzes Today


Score Distribution

Your Account Isn't Verified!

In order to create a playlist on Sporcle, you need to verify the email address you used during registration. Go to your Sporcle Settings to finish the process.